Rough draft : (Record no. 403687)
[ view plain ]
| 000 -LEADER | |
|---|---|
| fixed length control field | 01194pam a2200337 a 4500 |
| 001 - CONTROL NUMBER | |
| control field | AAC00042087 |
| 005 - DATE AND TIME OF LATEST TRANSACTION | |
| control field | 20250116122426.0 |
| 008 - FIXED-LENGTH DATA ELEMENTS--GENERAL INFORMATION | |
| fixed length control field | 991022s2000 nyu 000 1 eng |
| 010 ## - LIBRARY OF CONGRESS CONTROL NUMBER | |
| LC control number | 99055532 |
| 020 ## - INTERNATIONAL STANDARD BOOK NUMBER | |
| International Standard Book Number | 0312203837 |
| 035 ## - SYSTEM CONTROL NUMBER | |
| System control number | (CoDU)b22283687-01uode_inst |
| 035 ## - SYSTEM CONTROL NUMBER | |
| System control number | (DLC)AAC00042087 |
| 035 ## - SYSTEM CONTROL NUMBER | |
| System control number | (OCoLC)42736395 |
| 040 ## - CATALOGING SOURCE | |
| Original cataloging agency | DLC |
| Transcribing agency | DLC |
| Modifying agency | DLC |
| Description conventions | rda |
| 092 ## - LOCALLY ASSIGNED DEWEY CALL NUMBER (OCLC) | |
| Classification number | fiction |
| Item number | Hall, James W. |
| 100 1# - MAIN ENTRY--PERSONAL NAME | |
| Personal name | Hall, James W. |
| Fuller form of name | (James Wilson), |
| Dates associated with a name | 1947- |
| 9 (RLIN) | 14334 |
| 245 10 - TITLE STATEMENT | |
| Title | Rough draft : |
| Remainder of title | a novel / |
| Statement of responsibility, etc | James W. Hall. |
| 250 ## - EDITION STATEMENT | |
| Edition statement | 1st ed. |
| 260 ## - PUBLICATION, DISTRIBUTION, ETC. (IMPRINT) | |
| Place of publication, distribution, etc | New York : |
| Name of publisher, distributor, etc | St. Martin's Press, |
| Date of publication, distribution, etc | 2000. |
| 264 ## - Production, Publication, Distribution, Manufacture, and Copyright Notice. | |
| Place of production, publication, distribution, manufacture | New York |
| Name of producer, publisher, distributor, manufacturer | St. Martin's Press |
| Date of production, publication, distribution, manufacture, or copyr | 2000 |
| 300 ## - PHYSICAL DESCRIPTION | |
| Extent | 335 p. ; |
| Dimensions | 25 cm. |
| 520 ## - SUMMARY, ETC. | |
| Summary, etc | Novelist Hannah Keller searches for the man who hold the key to solving her parents' murder. FBI agent Frank Sheffield wants him to help find the hitman who murdered a senator's daughter. |
| 650 #0 - SUBJECT ADDED ENTRY--TOPICAL TERM | |
| Topical term or geographic name as entry element | Authorship |
| Form subdivision | Fiction. |
| 9 (RLIN) | 5701087 |
| 650 #0 - SUBJECT ADDED ENTRY--TOPICAL TERM | |
| Topical term or geographic name as entry element | Murder victims' families |
| Form subdivision | Fiction. |
| 9 (RLIN) | 5681342 |
| 650 #0 - SUBJECT ADDED ENTRY--TOPICAL TERM | |
| Topical term or geographic name as entry element | Women novelists |
| Form subdivision | Fiction. |
| 9 (RLIN) | 5673989 |
| 655 #0 - INDEX TERM--GENRE/FORM | |
| Genre/form data or focus term | Detective and mystery stories. |
| 942 ## - ADDED ENTRY ELEMENTS (KOHA) | |
| Source of classification or shelving scheme | Dewey Decimal Classification |
| Koha item type | BOOK |
| Withdrawn status | Lost status | Source of classification or shelving scheme | Damaged status | Not for loan | Collection code | Home library | Current library | Shelving location | Date acquired | Source of acquisition | Total Checkouts | Full call number | Barcode | Date last seen | Cost, replacement price | Price effective from | Koha item type |
|---|---|---|---|---|---|---|---|---|---|---|---|---|---|---|---|---|---|
| Dewey Decimal Classification | Fiction | Wasatch County Library | Wasatch County Library | First Floor | 01/16/2025 | Donation | F Hall | 34301002089656 | 01/17/2025 | 24.95 | 01/16/2025 | BOOK |
